1325 1534 1980 1028 1941 1054 1399 1755 1961 1985 1584 1407 1045 1303 1595 1959 1075 1031 1714 1269 1168 1815 1543 1489 1634 1053 1882 1988 1113 1361 1317 1629 1812 1448 1721 1181 1041 1457 1564 1087 1419 1416 1602 1227 1695 1423 1909 1405 1713 1246 1571 1322 1423 1197 1725 1184 1426 1445 1003 1743 1261 1710 1217 1891 1969 1363 1564 1152 1464 1974 1634 1332 1759 1088 1449 1461 1997 1880 1286 1144 1907 1793 1193 1458 1294 1845 1590 1990 1954 1111 1909 1112 1743 1119 1762 1282 1772 1139 1020 BCNSPRNW ULIB Ver.6.0+V

เปลี่ยนเป็นภาษาไทย

Change to English
 แสดงรายละเอียดบรรณานุกรม
  กลับหน้าหลัก

Brief Record : Get Marc (ISO 2709) : E-mail record : QR code < ปิดหน้าต่าง
LEADER : 00000nam 2200000uu 4500
001    13399111740
003     ULIB
008    110707s2549||||th 000 0 tha d
020    9749378164
050  4 DS414.2^bพ366ก 2549
100 0  พระราชธรรมมุนี (เกียรติ สุกิตฺติ)
245 10 เกี่ยวกับอินเดีย /^cพระราชธรรมมุนี (เกียรติ สุกิตฺติ)
250    พิมพ์ครั้งที่ 9 [ปรับปรุงเพิ่มเติม]
260    กรุงเทพฯ :^bวัดจักรวรรดิราชาวาส วรมหาวิหาร,^c2549
300    9, 278 หน้า :^bภาพประกอบสี ;^c21 ซม.
650  4 พุทธศาสนา^zอินเดีย
650  4 พุทธศาสนา^xบทสวดมนต์
650  4 กรรม
650  4 สังเวชนียสถาน
651  7 อินเดีย^xภูมิประเทศและการท่องเที่ยว
945    ^p0^l0^i020308
995    ทศพร
999 ^a ใช้งานได้ทุกระบบ
รายการนี้ยังไม่มีแท็ก
คุณยังไม่ได้ล็อกอิน คุณสามารถมีกิจกรรมร่วมกับเว็บไซต์ได้ แต่ต้องล็อกอินก่อน ::
  ล็อกอิน

รายการสื่อสารสนเทศ

ลำดับที่ ประเภท เลขเรียก/บาร์โค้ด สถานที่ สถานะ
- ไม่พบข้อมูล -

รายการใกล้เคียง
    หัวเรื่อง [กรรม]

BibComment


ยังไม่เคยถูกคอมเมนท์

คอมเมนท์ทรัพยากรรายการนี้
  คอมเมนท์: เกี่ยวกับอินเดีย ..


 Copyright 2026. Bcnsprnw @Library